000 01028nam a22003017a 4500
001 5850
003 FISKH
005 20260401110023.0
008 250124b cb ||||| |||| 00| 0 eng d
020 _a9780545335973
040 _aFISKH
_beng
_cFISKH
_dFISKH
050 _aE312.P55
082 _a973.4
100 _aA.Pingry, Patricia
_d(1941-)
245 _aMeet George Washington /
_cby Patricia A. Pingry ; Illustrated by Stephen McFetridge Britt
250 _aFirst printing in 2011
260 _aNew York :
_bScholastic,
_c2011.
300 _a27 pages :
_bcolor illustrations ;
_c21 cm
505 _aL
520 _aA biography of the nation's first president, including his youth in Virginia, his army career, and his leadership of the newly formed United States of America.
521 8 _a520
_bLexile
521 8 _aL
_bRaz-Plus
650 _2George Washington
_aBiography
650 _2Presidents
_aHistory
700 _aBritt, McFetridge Stephanie
_dillustrator
942 _2ddc
_cBK
_n0
999 _c5850
_d5850